| 000 | 00612nam a2200241Ia 4500 | ||
|---|---|---|---|
| 003 | OSt | ||
| 005 | 20140312100501.0 | ||
| 008 | 140130s9999 xx 000 0 und d | ||
| 020 | _a9780439796606 | ||
| 050 |
_aPZ 7 _b.T117Go 2006 |
||
| 100 | _aTafuri, Nancy. | ||
| 245 |
_cNancy Tafuri. _aGoodnight, My duckling / |
||
| 260 |
_bScholastic, _c2006. _aChina : |
||
| 300 |
_a20 p. : _bcol. ill. ; _c16 cm. |
||
| 440 | _v1 | ||
| 521 | _aG1 | ||
| 526 | _c200 | ||
| 650 |
_aDucks _xFiction. |
||
| 650 |
_aLost children _xFiction. |
||
| 650 |
_aPond animals _xFiction. |
||
| 942 |
_cBK _2lcc |
||
| 999 |
_c41904 _d41904 |
||